000
00217nam a22000857a 4500
008
160704b xxu||||| |||| 00| 0 eng d
100
_9
1918
_a
Jeyasimha
245
_a
Train Your Brain
260
_a
New Delhi
_b
Neel Kamal
_c
2005
999
_c
1620
_d
1620